Представление документа в формате MARC21

ПолеНазваниеЗначение
  Тип записи a
  Библиографический уровень m
001 Контрольный номер RU\infra-m\znanium\bibl\2225893
005 Дата корректировки 20260429142111.7
008 Кодируемые данные 250910s2025 RU g rus u
020 Индекс ISBN __
a ISBN 978-5-9729-2657-2
040 Источник каталогиз. __
a Служба первич. каталог. Общество с ограниченной ответственностью «ЗНАНИУМ»
041 Код языка издания __
a Код языка текста rus
044 Код страны публикации __
a Код страны публикации RU
080 Индекс УДК __
a Индекс УДК 622
084 Индекс другой классификации/Индекс ББК __
2 Источник индекса rubbk
a Индекс другой классификации/Индекс ББК 33
084 Индекс другой классификации/Индекс ББК __
2 Источник индекса okso
a Индекс другой классификации/Индекс ББК 21.05.04
100 Автор __
a Автор Панычев А.А.
q Полное имя Панычев Анатолий Алексеевич
u Дополнение Национальный Исследовательский Технологический Университет "МИСИС"
245 Заглавие __
a Заглавие Справочник по комплексным железным рудам
b Продолж. заглавия Справочная литература
c Ответственность Национальный Исследовательский Технологический Университет "МИСИС"
250 Сведения об издании __
a Основные сведения об издании 1
260 Выходные данные __
a Место издания Вологда
b Издательство Инфра-Инженерия
c Дата издания 2025
300 Физическое описание __
a Объем 168 с.
520 Аннотация __
a Аннотация Показано использование комплексных руд которые в своём составе содержат кроме железа никель кобальт титан хром редкие земли. Для специалистов-горняков и металлургов будет полезно работникам в производственной научной и педагогической деятельности.
521 Примеч. о цел. назн. __
a Примеч. о целев. назн. ВО - Специалитет
650 Тематические рубрики __
a Основная рубрика Промышленность. Энергетика
x Основная подрубрика Горная промышленность. Металлургия
655 Указ. предметных рубрик (устаревшее) __
a Жанр/ форма (устаревшее) Справочная литература
856 Электронный адрес документа 4_
a Имя сервера/домена znanium.ru
m Помощь ebs_support@infra-m.ru
n Местонахождение сервера НИЦ ИНФРА-М
u URL https://znanium.ru/catalog/document?id=469509
856 Электронный адрес документа 48
a Имя сервера/домена znanium.ru
d Путь /cover/2225
f Электронное имя 2225893.jpg
q Тип электронного формата image/jpeg
u URL https://znanium.ru/cover/2225/2225893.jpg
911 __
u 0030=https://znanium.ru/catalog/document?id=469509